Sports Quiz

Random Sports or Football Quiz
Score 0/29 Timer 05:00
0 Plays Today
Record Opponent % Correct
39-63-5Georgia
98.6%
21-28-3Alabama
94.6%
27-18-3North Carolina
94.6%
49-26-2Clemson
94.2%
23-9-6Florida
94.2%
49-30-1Duke
92.2%
17-17-1Virginia
91.9%
10-8Miami (FL)
90.8%
41-47-4Auburn
90.2%
9-13-1Florida State
89.5%
3-7Virginia Tech
89.5%
18-10North Carolina State
89.2%
17-24-2Tennessee
89.2%
12-9South Carolina
88.1%
6-27-1Notre Dame
85.4%
Record Opponent % Correct
12-7Louisiana State
82%
22-8Wake Forest
82%
11-7-1Kentucky
80.7%
15-6Maryland
80.3%
19-15-3Vanderbilt
77.6%
35-13Tulane
55.3%
16-9Navy
46.1%
10-1-3Furman
32.9%
10-0The Citadel
31.9%
8-2-1Southern Methodist
24.1%
15-1-1Mercer
22.4%
14-1Virginia Military Institute
18.6%
5-7-1Sewanee
16.6%
12-2Davidson
15.9%

You're not logged in!

Compare scores with friends on all Sporcle quizzes.
OR
Log In

Sporcle TV

Today on Sporcle TV


Watch our educational content, quiz creation guides, and fun videos on Sporcle TV.

Show Comments

Extras

Top Quizzes Today


Score Distribution

Paid Content

Your Account Isn't Verified!

In order to create a playlist on Sporcle, you need to verify the email address you used during registration. Go to your Sporcle Settings to finish the process.

Report this User

Report this user for behavior that violates our Community Guidelines.

Details: